CBSE CCE Sample Paper in Science Class-Ix (Record no. 5898)

MARC details
000 -LEADER
fixed length control field 00233nam a22000857a 4500
008 - FIXED-LENGTH DATA ELEMENTS--GENERAL INFORMATION
fixed length control field 170201b xxu||||| |||| 00| 0 eng d
100 ## - MAIN ENTRY--PERSONAL NAME
9 (RLIN) 2731
Personal name CBSE
245 ## - TITLE STATEMENT
Title CBSE CCE Sample Paper in Science Class-Ix
260 ## - PUBLICATION, DISTRIBUTION, ETC. (IMPRINT)
Place of publication, distribution, etc. New delhi
Name of publisher, distributor, etc. Best Bok
Date of publication, distribution, etc. 2013
Holdings
Withdrawn status Lost status Source of classification or shelving scheme Damaged status Koha normalized classification for sorting Not for loan Home library Current library Shelving location Date acquired Total Checkouts Total Renewals Full call number Barcode Date last seen Date last checked out Price effective from Koha item type
    Dewey Decimal Classification   500_000000000000000   Good Samaritan School Library Good Samaritan School Library Science 02/01/2017 8 2 500 CBS11682 02/17/2024 02/06/2024 02/01/2017 BOOK
    Dewey Decimal Classification   500_000000000000000   Good Samaritan School Library Good Samaritan School Library Science 02/01/2017 13 7 500 CBS11683 02/18/2020 02/12/2020 02/01/2017 BOOK
    Dewey Decimal Classification   500_000000000000000   Good Samaritan School Library Good Samaritan School Library Science 02/01/2017     500 CBS11684 02/01/2017   02/01/2017 BOOK
    Dewey Decimal Classification   500_000000000000000   Good Samaritan School Library Good Samaritan School Library Science 02/01/2017 8 3 500 CBS11685 10/11/2019 09/12/2019 02/01/2017 BOOK

Powered by Koha